{"text_format":"3","workbook":"xlsx","n_sheets":7,"sheets":["表3-5 单位工程预算价汇总表","表3-6 分部分项工程计价表","3.1措施项目费汇总表（输出清单项）","表3-13 其他项目计价表","表3-19 规费和税金项目计算表","5.5主要材料价格表","1.1.2综合单价计算表"],"read":"whole","date_system":"1900"}

{"sheet":"表3-5 单位工程预算价汇总表","index":0,"n_rows":22,"n_cols":6,"rows_kept":22,"merged":[[0,0,0,5],[1,0,1,2],[1,4,1,5],[2,2,2,4],[3,2,3,4],[4,2,4,4],[5,2,5,4],[6,2,6,4],[7,2,7,4],[8,2,8,4],[9,2,9,4],[10,2,10,4],[11,2,11,4],[12,2,12,4],[13,2,13,4],[14,2,14,4],[15,2,15,4],[16,2,16,4],[17,2,17,4],[18,2,18,4],[19,2,19,4],[20,2,20,4],[21,2,21,4],[22,2,22,4],[23,2,23,4],[24,2,24,4],[25,2,25,4],[26,2,26,4],[27,2,27,4],[28,2,28,4],[29,2,29,4],[30,2,30,4],[31,2,31,4],[32,2,32,4],[33,2,33,4],[34,2,34,4],[35,2,35,4]]}
["单位工程造价汇总表"]
["工程名称：南村镇坑头村文昌路小公园改造工程-园林部分",{"$nulls":3},"第 1 页  共 1 页"]
["序号","费 用 名 称","计 算 基 础",null,null,"金  额（元）"]
["1","分部分项合计","分部分项合计",null,null,91657.03]
["2","措施合计","绿色施工安全防护措施费+其他措施费",null,null,2366.5]
["2.1","绿色施工安全防护措施费","安全及文明施工措施费",null,null,2366.5]
["2.2","其他措施费","其他措施费"]
["3","其他项目","其他项目合计",null,null,1419.9]
["3.1","暂列金额","暂列金额"]
["3.2","暂估价","暂估价合计"]
["3.3","计日工","计日工"]
["3.4","总承包服务费","总承包服务费"]
["3.5","预算包干费","预算包干费",null,null,1419.9]
["3.6","工程优质费","工程优质费"]
["3.7","概算幅度差","概算幅度差"]
["3.8","索赔费用","索赔费用"]
["3.9","现场签证费用","现场签证费用"]
["3.10","其他费用","其他费用"]
["4","税前工程造价","分部分项合计+措施合计+其他项目",null,null,95443.43]
["5","增值税销项税额","分部分项合计+措施合计+其他项目",null,null,8589.91]
["6","总造价","分部分项合计+措施合计+其他项目+增值税销项税额",null,null,104033.34]
["7","人工费","分部分项人工费+技术措施项目人工费",null,null,14215.51]

{"sheet":"表3-6 分部分项工程计价表","index":1,"n_rows":22,"n_cols":10,"rows_kept":22,"merged":[[0,0,0,9],[1,0,1,5],[1,7,1,9],[2,0,3,0],[2,1,3,1],[2,2,3,2],[2,3,3,3],[2,4,3,4],[2,5,3,7],[2,8,2,9],[4,5,4,7],[5,5,5,7],[6,5,6,7],[7,5,7,7],[8,5,8,7],[9,5,9,7],[10,5,10,7],[11,5,11,7],[12,5,12,7],[13,5,13,7],[14,5,14,7],[15,5,15,7],[16,2,16,3],[16,5,16,7],[17,5,17,7],[18,5,18,7],[19,5,19,7],[20,0,20,8],[21,0,21,8]]}
["分部分项工程计价表"]
["工程名称：南村镇坑头村文昌路小公园改造工程-园林部分",{"$nulls":6},"第 1 页  共 1 页"]
["序号","项目编码","项目名称","项目特征描述","计量\n单位","工程数量",null,null,"金额（元）"]
[{"$nulls":8},"综合单价","合价"]
[1,"050101009001","种植土回(换)填","1.回填厚度:1m内\n2.回填土质要求:换填种植土","m3","136",null,null,49.46,6726.56]
[2,"050102012001","铺种草皮","1.养护期:一年\n2.草皮种类:大叶油草\n3.铺种方式:满铺","m2","233",null,null,33.71,7854.43]
[3,"050102002001","栽植连翘","1.冠丛高:高*冠幅：0.8*0.6m\n2.养护期:一年\n3.种类:连翘","株","78",null,null,89.3,6965.4]
[4,"050102002002","栽植福建茶","1.冠丛高:高*冠幅：0.8*0.6m\n2.养护期:一年\n3.种类:福建茶","株","56",null,null,88.26,4942.56]
[5,"050102002003","栽植日本大红花","1.冠丛高:高*冠幅：0.8*0.8m\n2.养护期:一年\n3.种类:日本大红花","株","26",null,null,92.34,2400.84]
[6,"050102001001","栽植黄花风铃","1.胸径或干径:12cm\n2.种类:黄花风铃\n3.茅竹三脚桩支撑\n4.养护期:一年","株","34",null,null,1524.5,51833]
[7,"050102001002","栽植荔枝树","1.胸径或干径:12cm\n2.种类:荔枝树\n3.茅竹三脚桩支撑\n4.养护期:一年","株","1",null,null,925.46,925.46]
[8,"050102001003","栽植垂柳","1.胸径或干径:10cm\n2.种类:垂柳\n3.茅竹三脚桩支撑\n4.养护期:一年","株","3",null,null,424.99,1274.97]
[9,"050102001004","移植垂柳","1.胸径或干径:20cm\n2.种类:垂柳\n3.起挖方式:截干起挖并运至移植地点\n4.茅竹三脚桩支撑\n5.养护期:一年","株","4",null,null,787.52,3150.08]
[10,"050101001001","砍伐乔木","1.树干胸径:12cm\n2.荔枝树","株","1",null,null,157.7,157.7]
[11,"050101001002","砍伐乔木","1.树干胸径:10cm\n2.垂柳","株","3",null,null,46.57,139.71]
[12,"040103002001","余方弃置","1.废弃料品种:土方\n2.运距:15km","m3","136",null,null,38.87,5286.32]
[{"$nulls":9},91657.03]
[]
[]
[]
["本页小计",{"$nulls":8},91657.03]
["合  计",{"$nulls":8},91657.03]

{"sheet":"3.1措施项目费汇总表（输出清单项）","index":2,"n_rows":38,"n_cols":8,"rows_kept":38,"merged":[[0,0,0,7],[1,0,1,5],[1,6,1,7],[2,0,2,0],[2,1,2,2],[2,3,2,3],[2,4,2,4],[2,5,2,6],[3,1,3,2],[3,5,3,6],[4,1,4,2],[4,5,4,6],[5,1,5,2],[5,5,5,6],[6,1,6,2],[6,5,6,6],[7,1,7,2],[7,5,7,6],[8,1,8,2],[8,5,8,6],[9,1,9,2],[9,5,9,6],[10,1,10,2],[10,5,10,6],[11,1,11,2],[11,5,11,6],[12,1,12,2],[12,5,12,6],[13,1,13,2],[13,5,13,6],[14,1,14,2],[14,5,14,6],[15,1,15,2],[15,5,15,6],[16,1,16,2],[16,5,16,6],[17,1,17,2],[17,5,17,6],[18,1,18,2],[18,5,18,6],[19,1,19,2],[19,5,19,6],[20,1,20,2],[20,5,20,6],[21,1,21,2],[21,5,21,6],[22,1,22,2],[22,5,22,6],[23,1,23,2],[23,5,23,6],[24,1,24,2],[24,5,24,6],[25,1,25,2],[25,5,25,6],[26,1,26,2],[26,5,26,6],[27,1,27,2],[27,5,27,6],[28,1,28,2],[28,5,28,6],[29,1,29,2],[29,5,29,6],[30,1,30,2],[30,5,30,6],[31,1,31,2],[31,5,31,6],[32,1,32,2],[32,5,32,6],[33,1,33,2],[33,5,33,6],[34,1,34,2],[34,5,34,6],[35,1,35,2],[35,5,35,6],[36,1,36,2],[36,5,36,6],[37,1,37,2],[37,5,37,6]]}
["措施项目费汇总表"]
["工程名称：南村镇坑头村文昌路小公园改造工程-园林部分",{"$nulls":5},"第 1 页 共 1 页"]
["编码","名称",null,"单位","数量","单价（元）",null,"合价（元）"]
["1","绿色施工安全防护措施费"]
["1.1","外墙立体绿化综合脚手架",null,"项",1]
["1.2","施工现场围挡和临时占地围档",null,"项",1]
["1.3","施工围档照明",null,"项",1]
["1.4","施工便道",null,"项",1]
["1.5","样板引路",null,"项",1]
["LSSGCSF00001","绿色施工安全防护措施费",null,"项","RGF+JXF","10%",null,2366.5]
[null,"小计",null,"元",{"$nulls":3},2366.5]
["2","措施其他项目"]
["粤050405010001","文明工地增加费",null,"项","RGF+JXF","0%"]
["050405002001","夜间施工增加费",null,"项",null,"20%"]
["粤050405009001","赶工措施费",null,"项","RGF+JXF","0%"]
["050405006001","反季节栽植影响措施",null,"项",1]
["QTFY00000001","其他费用",null,"项",1]
["2.6","二次水平运输",null,"项",1]
["2.7","垂直运输",null,"项",1]
["2.8","坡地脚手架",null,"项",1]
["2.9","树木保护",null,"项",1]
["3.10","大型机械设备进出场及安拆",null,"项",1]
[null,"小计",null,"元"]
{"$rows_empty":14}
[null,"合计",{"$nulls":5},"2366.50"]

{"sheet":"表3-13 其他项目计价表","index":3,"n_rows":32,"n_cols":7,"rows_kept":32,"merged":[[0,0,0,6],[1,0,1,3],[1,5,1,6],[2,3,2,5],[3,3,3,5],[4,3,4,5],[5,3,5,5],[6,3,6,5],[7,3,7,5],[8,3,8,5],[9,3,9,5],[10,3,10,5],[11,3,11,5],[12,3,12,5],[13,3,13,5],[14,3,14,5],[15,3,15,5],[16,3,16,5],[17,3,17,5],[18,3,18,5],[19,3,19,5],[20,3,20,5],[21,3,21,5],[22,3,22,5],[23,3,23,5],[24,3,24,5],[25,3,25,5],[26,3,26,5],[27,3,27,5],[28,3,28,5],[29,3,29,5],[30,3,30,5],[31,0,31,2],[31,3,31,5]]}
["其他项目清单与计价表"]
["工程名称：南村镇坑头村文昌路小公园改造工程-园林部分",{"$nulls":4},"第 1 页  共 1 页"]
["序号","项目名称","单位","金额（元）",null,null,"备注"]
["1","暂列金额","项"]
["2","暂估价","项"]
["2.1","材料暂估价","项"]
["2.2","专业工程暂估价","项"]
["3","计日工","项"]
["4","总承包服务费","项"]
["5","预算包干费","项",1419.9,null,null,"按分部分项的人工费与施工机具费之和的 6.00%计算"]
["6","工程优质费","项",{"$nulls":3},"按分部分项的人工费与施工机具费之和为计算基础\n国家级质量奖：12.00%；省级质量奖：8.00%；市级质量奖：5.00%"]
["7","概算幅度差","项",{"$nulls":3},"按分部分项工程费的3.00%计算"]
["8","现场签证费用","项"]
["9","索赔费用","项"]
["10","其他费用","项",{"$nulls":3},"按实际发生或经批准的施工方案计算"]
{"$rows_empty":16}
["合    计",null,null,"1419.90",null,null,"-"]

{"sheet":"表3-19 规费和税金项目计算表","index":4,"n_rows":38,"n_cols":7,"rows_kept":38,"merged":[[0,0,0,6],[1,0,1,3],[1,5,1,6],[2,3,2,5],[3,3,3,5],[4,3,4,5],[5,3,5,5],[6,3,6,5],[7,3,7,5],[8,3,8,5],[9,3,9,5],[10,3,10,5],[11,3,11,5],[12,3,12,5],[13,3,13,5],[14,3,14,5],[15,3,15,5],[16,3,16,5],[17,3,17,5],[18,3,18,5],[19,3,19,5],[20,3,20,5],[21,3,21,5],[22,3,22,5],[23,3,23,5],[24,3,24,5],[25,3,25,5],[26,3,26,5],[27,3,27,5],[28,3,28,5],[29,3,29,5],[30,3,30,5],[31,3,31,5],[32,3,32,5],[33,3,33,5],[34,3,34,5],[35,3,35,5],[36,3,36,5],[37,0,37,5]]}
["规费和税金项目清单与计价表"]
["工程名称：南村镇坑头村文昌路小公园改造工程-园林部分",{"$nulls":4},"第 1 页  共 1 页"]
["序号","项 目 名 称","计 算 基 础","费率（%）",null,null,"金额（元）"]
["1","增值税销项税额","分部分项合计+措施合计+其他项目","9",null,null,8589.91]
{"$rows_empty":33}
["合计",{"$nulls":5},8589.91]

{"sheet":"5.5主要材料价格表","index":5,"n_rows":35,"n_cols":10,"rows_kept":35,"merged":[[0,0,0,9],[1,0,1,5],[1,7,1,9],[2,5,2,7],[3,5,3,7],[4,5,4,7],[5,5,5,7],[6,5,6,7],[7,5,7,7],[8,5,8,7],[9,5,9,7],[10,5,10,7],[11,5,11,7],[12,5,12,7],[13,5,13,7],[14,5,14,7],[15,5,15,7],[16,5,16,7],[17,5,17,7],[18,5,18,7],[19,5,19,7],[20,5,20,7],[21,5,21,7],[22,5,22,7],[23,5,23,7],[24,5,24,7],[25,5,25,7],[26,5,26,7],[27,5,27,7],[28,5,28,7],[29,5,29,7],[30,5,30,7],[31,5,31,7],[32,5,32,7],[33,5,33,7],[34,5,34,7]]}
["主要材料价格表"]
["工程名称：南村镇坑头村文昌路小公园改造工程-园林部分",{"$nulls":6},"第 1 页  共 1 页"]
["序号","材料编码","材料名称","规格","单位","数量",null,null,"市场价\n（元）","市场价合计（元）"]
[1,"02190140","塑料篾",null,"kg",1.8784,null,null,3.85,7.23]
[2,"02330001","稻草",null,"kg",24,null,null,0.13,3.12]
[3,"03210070","镀锌钢丝网","φ2×22×22","m2",9.6,null,null,5.36,51.46]
[4,"04090135","余土外运",null,"m3",165.5874]
[5,"04090155","熟耕土(松方)",null,"m3",48.76,null,null,39.15,1908.95]
[6,"04090175","通用种植土(松方)",null,"m3",109.48,null,null,32.97,3609.56]
[7,"05310010","茅竹","3m内","条",128.52,null,null,11.69,1502.4]
[8,"05310040","篙竹","4m内","条",6.12,null,null,5.6,34.27]
[9,"32270001","杀虫剂",null,"kg",12.2606,null,null,17.62,216.03]
[10,"32270010","无机肥(复合肥)",null,"kg",60.2054,null,null,3.06,184.23]
[11,"32270020","有机肥",null,"t",4.346,null,null,445.46,1935.97]
[12,"34110010","水",null,"m3",343.0628,null,null,4.58,1571.23]
[13,"99450760","其他材料费",null,"元",254.6386,null,null,1,254.64]
[14,"32010050@1","垂柳","胸径10cm","株",3.12,null,null,190,592.8]
[15,"32010060@1","黄花风铃","胸径12cm","株",35.36,null,null,1176,41583.36]
[16,"32010060@2","荔枝树","胸径12cm","株",1.04,null,null,600,624]
[17,"32030010@1","连翘","苗高×冠径 80cm×60cm","丛",81.12,null,null,36,2920.32]
[18,"32030010@2","福建茶","苗高×冠径 80cm×60cm","丛",58.24,null,null,35,2038.4]
[19,"32030020@1","日本大红花","苗高×冠径 80cm×80cm","丛",27.04,null,null,26,703.04]
[20,"32070050@1","大叶油草","件装 30cm×30cm/件","m2",244.65,null,null,3.8,929.67]
{"$rows_empty":11}
[null,null,"合  计",{"$nulls":6},60670.68]

{"sheet":"1.1.2综合单价计算表","index":6,"n_rows":79,"n_cols":9,"rows_kept":79,"merged":[[0,0,0,8],[1,0,1,5],[1,6,1,8],[2,0,2,0],[2,1,2,1],[2,2,2,3],[2,4,2,4],[2,5,2,6],[2,7,2,7],[3,0,3,0],[3,2,3,3],[3,5,3,6],[4,0,4,0],[4,2,4,3],[4,5,4,6],[5,0,5,0],[5,2,5,3],[5,5,5,6],[6,0,9,0],[6,2,6,3],[6,5,6,6],[7,2,7,3],[7,5,7,6],[8,2,8,3],[8,5,8,6],[9,2,9,3],[9,5,9,6],[10,0,10,0],[10,2,10,3],[10,5,10,6],[11,0,14,0],[11,2,11,3],[11,5,11,6],[12,2,12,3],[12,5,12,6],[13,2,13,3],[13,5,13,6],[14,2,14,3],[14,5,14,6],[15,0,15,0],[15,2,15,3],[15,5,15,6],[16,0,18,0],[16,2,16,3],[16,5,16,6],[17,2,17,3],[17,5,17,6],[18,2,18,3],[18,5,18,6],[19,0,19,8],[20,0,20,5],[20,6,20,8],[21,0,21,0],[21,1,21,1],[21,2,21,3],[21,4,21,4],[21,5,21,6],[21,7,21,7],[22,0,22,0],[22,2,22,3],[22,5,22,6],[23,0,23,0],[23,2,23,3],[23,5,23,6],[24,0,27,0],[24,2,24,3],[24,5,24,6],[25,2,25,3],[25,5,25,6],[26,2,26,3],[26,5,26,6],[27,2,27,3],[27,5,27,6],[28,0,28,0],[28,2,28,3],[28,5,28,6],[29,0,33,0],[29,2,29,3],[29,5,29,6],[30,2,30,3],[30,5,30,6],[31,2,31,3],[31,5,31,6],[32,2,32,3],[32,5,32,6],[33,2,33,3],[33,5,33,6],[34,0,34,0],[34,2,34,3],[34,5,34,6],[35,0,35,8],[36,0,36,5],[36,6,36,8],[37,0,37,0],[37,1,37,1],[37,2,37,3],[37,4,37,4],[37,5,37,6],[37,7,37,7],[38,0,42,0],[38,2,38,3],[38,5,38,6],[39,2,39,3],[39,5,39,6],[40,2,40,3],[40,5,40,6],[41,2,41,3],[41,5,41,6],[42,2,42,3],[42,5,42,6],[43,0,43,0],[43,2,43,3],[43,5,43,6],[44,0,48,0],[44,2,44,3],[44,5,44,6],[45,2,45,3],[45,5,45,6],[46,2,46,3],[46,5,46,6],[47,2,47,3],[47,5,47,6],[48,2,48,3],[48,5,48,6],[49,0,49,0],[49,2,49,3],[49,5,49,6],[50,0,52,0],[50,2,50,3],[50,5,50,6],[51,2,51,3],[51,5,51,6],[52,2,52,3],[52,5,52,6],[53,0,53,8],[54,0,54,5],[54,6,54,8],[55,0,55,0],[55,1,55,1],[55,2,55,3],[55,4,55,4],[55,5,55,6],[55,7,55,7],[56,0,59,0],[56,2,56,3],[56,5,56,6],[57,2,57,3],[57,5,57,6],[58,2,58,3],[58,5,58,6],[59,2,59,3],[59,5,59,6],[60,0,60,0],[60,2,60,3],[60,5,60,6],[61,0,62,0],[61,2,61,3],[61,5,61,6],[62,2,62,3],[62,5,62,6],[63,0,63,0],[63,2,63,3],[63,5,63,6],[64,0,65,0],[64,2,64,3],[64,5,64,6],[65,2,65,3],[65,5,65,6],[66,0,66,0],[66,2,66,3],[66,5,66,6],[67,0,68,0],[67,2,67,3],[67,5,67,6],[68,2,68,3],[68,5,68,6],[69,0,69,0],[69,2,69,3],[69,5,69,6],[70,0,70,0],[70,2,70,3],[70,5,70,6],[71,0,71,0],[71,2,71,3],[71,5,71,6],[72,0,72,0],[72,2,72,3],[72,5,72,6],[73,0,73,0],[73,2,73,3],[73,5,73,6],[74,0,74,0],[74,2,74,3],[74,5,74,6],[75,0,75,0],[75,2,75,3],[75,5,75,6],[76,0,76,0],[76,2,76,3],[76,5,76,6],[77,0,77,0],[77,2,77,3],[77,5,77,6],[78,2,78,3],[78,5,78,6]]}
["综合单价计算表"]
["工程名称：南村镇坑头村文昌路小公园改造工程-园林部分",{"$nulls":5},"第 1 页 共 4 页"]
["序号","编码","名称",null,"单位","工程量",null,"综合单价\n（元）","综合合价\n（元）"]
[1,"050101009001","种植土回(换)填",null,"m3","136",null,49.46,6726.56]
[null,"E1-1-6","换耕植土 机械",null,"100m3",1.36,null,4946.03,6726.6]
[2,"050102012001","铺种草皮",null,"m2","233",null,33.71,7854.43]
[null,"E1-2-96 换","铺草皮 原土铺草皮",null,"100m2",2.33,null,1898.78,4424.16]
[null,"E1-3-87 *3","草皮保养 喷灌 \u007f3个月 单价*3",null,"100m2·月",2.33,null,735.91,1714.67]
[null,"E1-3-87 *0.5,*3","草皮保养 喷灌 \u007f第4~6月 单价*0.5 \u007f3个月 单价*3",null,"100m2·月",2.33,null,367.96,857.35]
[null,"E1-3-87 *0.25,*6","草皮保养 喷灌 \u007f第7~12月 单价*0.25 \u007f6个月 单价*6",null,"100m2·月",2.33,null,367.96,857.35]
[3,"050102002001","栽植连翘",null,"株","78",null,89.3,6965.4]
[null,"E1-2-18 换","栽植灌木(冠径cm) 60以内",null,"100丛",0.78,null,4971.11,3877.47]
[null,"E1-3-13 *3","单株、单丛植物保养 灌木保养 机械灌溉 冠径(φcm) 80以内 \u007f3个月 单价*3",null,"100丛·月",0.78,null,1979.36,1543.9]
[null,"E1-3-13 *0.5,*3","单株、单丛植物保养 灌木保养 机械灌溉 冠径(φcm) 80以内 \u007f第4~6月 单价*0.5 \u007f3个月 单价*3",null,"100丛·月",0.78,null,989.7,771.97]
[null,"E1-3-13 *0.25,*6","单株、单丛植物保养 灌木保养 机械灌溉 冠径(φcm) 80以内 \u007f第7~12月 单价*0.25 \u007f6个月 单价*6",null,"100丛·月",0.78,null,989.73,771.99]
[4,"050102002002","栽植福建茶",null,"株","56",null,88.26,4942.56]
[null,"E1-2-18 换","栽植灌木(冠径cm) 60以内",null,"100丛",0.56,null,4867.11,2725.58]
[null,"E1-3-13 *3","单株、单丛植物保养 灌木保养 机械灌溉 冠径(φcm) 80以内 \u007f3个月 单价*3",null,"100丛·月",0.56,null,1979.36,1108.44]
[null,"E1-3-13 *0.5,*3","单株、单丛植物保养 灌木保养 机械灌溉 冠径(φcm) 80以内 \u007f第4~6月 单价*0.5 \u007f3个月 单价*3",null,"100丛·月",0.56,null,989.7,554.23]
["综合单价计算表"]
["工程名称：南村镇坑头村文昌路小公园改造工程-园林部分",{"$nulls":5},"第 2 页 共 4 页"]
["序号","编码","名称",null,"单位","工程量",null,"综合单价\n（元）","综合合价\n（元）"]
[null,"E1-3-13 *0.25,*6","单株、单丛植物保养 灌木保养 机械灌溉 冠径(φcm) 80以内 \u007f第7~12月 单价*0.25 \u007f6个月 单价*6",null,"100丛·月",0.56,null,989.73,554.25]
[5,"050102002003","栽植日本大红花",null,"株","26",null,92.34,2400.84]
[null,"E1-2-19 换","栽植灌木(冠径cm) 80以内",null,"100丛",0.26,null,5275.39,1371.6]
[null,"E1-3-13 *3","单株、单丛植物保养 灌木保养 机械灌溉 冠径(φcm) 80以内 \u007f3个月 单价*3",null,"100丛·月",0.26,null,1979.36,514.63]
[null,"E1-3-13 *0.5,*3","单株、单丛植物保养 灌木保养 机械灌溉 冠径(φcm) 80以内 \u007f第4~6月 单价*0.5 \u007f3个月 单价*3",null,"100丛·月",0.26,null,989.7,257.32]
[null,"E1-3-13 *0.25,*6","单株、单丛植物保养 灌木保养 机械灌溉 冠径(φcm) 80以内 \u007f第7~12月 单价*0.25 \u007f6个月 单价*6",null,"100丛·月",0.26,null,989.73,257.33]
[6,"050102001001","栽植黄花风铃",null,"株","34",null,1524.5,51833]
[null,"E1-2-5 换","栽植乔木(胸径cm) 12以内",null,"100株",0.34,null,139377.51,47388.35]
[null,"E1-3-2 *3","单株、单丛植物保养 乔木保养 机械灌溉 胸径(φcm) 12以内 \u007f3个月 单价*3",null,"100株·月",0.34,null,4509.84,1533.35]
[null,"E1-3-2 *0.5,*3","单株、单丛植物保养 乔木保养 机械灌溉 胸径(φcm) 12以内 \u007f第4~6月 单价*0.5 \u007f3个月 单价*3",null,"100株·月",0.34,null,2254.94,766.68]
[null,"E1-3-2 *0.25,*6","单株、单丛植物保养 乔木保养 机械灌溉 胸径(φcm) 12以内 \u007f第7~12月 单价*0.25 \u007f6个月 单价*6",null,"100株·月",0.34,null,2254.99,766.7]
[null,"E1-2-127","茅竹三脚桩支撑 竹长3m内",null,"100株",0.34,null,4053.03,1378.03]
[7,"050102001002","栽植荔枝树",null,"株","1",null,925.46,925.46]
["综合单价计算表"]
["工程名称：南村镇坑头村文昌路小公园改造工程-园林部分",{"$nulls":5},"第 3 页 共 4 页"]
["序号","编码","名称",null,"单位","工程量",null,"综合单价\n（元）","综合合价\n（元）"]
[null,"E1-2-5 换","栽植乔木(胸径cm) 12以内",null,"100株",0.01,null,79473.51,794.74]
[null,"E1-3-2 *3","单株、单丛植物保养 乔木保养 机械灌溉 胸径(φcm) 12以内 \u007f3个月 单价*3",null,"100株·月",0.01,null,4509.84,45.1]
[null,"E1-3-2 *0.5,*3","单株、单丛植物保养 乔木保养 机械灌溉 胸径(φcm) 12以内 \u007f第4~6月 单价*0.5 \u007f3个月 单价*3",null,"100株·月",0.01,null,2254.94,22.55]
[null,"E1-3-2 *0.25,*6","单株、单丛植物保养 乔木保养 机械灌溉 胸径(φcm) 12以内 \u007f第7~12月 单价*0.25 \u007f6个月 单价*6",null,"100株·月",0.01,null,2254.99,22.55]
[null,"E1-2-127","茅竹三脚桩支撑 竹长3m内",null,"100株",0.01,null,4053.03,40.53]
[8,"050102001003","栽植垂柳",null,"株","3",null,424.99,1274.97]
[null,"E1-2-4 换","栽植乔木(胸径cm) 10以内",null,"100株",0.03,null,29425.7,882.77]
[null,"E1-3-2 *3","单株、单丛植物保养 乔木保养 机械灌溉 胸径(φcm) 12以内 \u007f3个月 单价*3",null,"100株·月",0.03,null,4509.84,135.3]
[null,"E1-3-2 *0.5,*3","单株、单丛植物保养 乔木保养 机械灌溉 胸径(φcm) 12以内 \u007f第4~6月 单价*0.5 \u007f3个月 单价*3",null,"100株·月",0.03,null,2254.94,67.65]
[null,"E1-3-2 *0.25,*6","单株、单丛植物保养 乔木保养 机械灌溉 胸径(φcm) 12以内 \u007f第7~12月 单价*0.25 \u007f6个月 单价*6",null,"100株·月",0.03,null,2254.99,67.65]
[null,"E1-2-127","茅竹三脚桩支撑 竹长3m内",null,"100株",0.03,null,4053.03,121.59]
[9,"050102001004","移植垂柳",null,"株","4",null,787.52,3150.08]
[null,"E1-1-13","截干起挖乔木(胸径cm) 20以内  \u007f",null,"100株",0.04,null,18969.83,758.79]
[null,"E1-1-91","汽车运乔木(胸径cm) 20以内 运5km内",null,"100株",0.04,null,10690.45,427.62]
[null,"E1-2-8","栽植乔木(胸径cm) 20以内",null,"100株",0.04,null,31483.57,1259.34]
["综合单价计算表"]
["工程名称：南村镇坑头村文昌路小公园改造工程-园林部分",{"$nulls":5},"第 4 页 共 4 页"]
["序号","编码","名称",null,"单位","工程量",null,"综合单价\n（元）","综合合价\n（元）"]
[null,"E1-3-3 *3","单株、单丛植物保养 乔木保养 机械灌溉 胸径(φcm) 20以内 \u007f3个月 单价*3",null,"100株·月",0.04,null,6777.53,271.1]
[null,"E1-3-3 *0.5,*3","单株、单丛植物保养 乔木保养 机械灌溉 胸径(φcm) 20以内 \u007f第4~6月 单价*0.5 \u007f3个月 单价*3",null,"100株·月",0.04,null,3388.8,135.55]
[null,"E1-3-3 *0.25,*6","单株、单丛植物保养 乔木保养 机械灌溉 胸径(φcm) 20以内 \u007f第7~12月 单价*0.25 \u007f6个月 单价*6",null,"100株·月",0.04,null,3388.74,135.55]
[null,"E1-2-127","茅竹三脚桩支撑 竹长3m内",null,"100株",0.04,null,4053.03,162.12]
[10,"050101001001","砍伐乔木",null,"株","1",null,157.7,157.7]
[null,"E1-1-46","砍伐乔木(胸径cm) 20以内",null,"100株",0.01,null,11038.39,110.38]
[null,"E1-1-51","挖乔木树蔸(胸径cm) 20以内",null,"100株",0.01,null,4731.29,47.31]
[11,"050101001002","砍伐乔木",null,"株","3",null,46.57,139.71]
[null,"E1-1-45","砍伐乔木(胸径cm) 10以内",null,"100株",0.03,null,3259.86,97.8]
[null,"E1-1-50","挖乔木树蔸(胸径cm) 10以内",null,"100株",0.03,null,1396.96,41.91]
[12,"040103002001","余方弃置",null,"m3","136",null,38.87,5286.32]
[null,"借D1-1-51","挖掘机装土",null,"1000m3天然密实方",0.136,null,2941.13,399.99]
[null,"借D1-1-53 换","自卸汽车运土方 运距1km内 \u007f实际运距(km):15",null,"1000m3天然密实方",0.136,null,35929.01,4886.35]
{"$rows_empty":9}
[null,null,"合   计",{"$nulls":5},91657.03]